Informe de balanç de l'acció de govern : Abril 2022 Abril 2022
Descripción Física:
35 pàgines ; 30 cm
Idioma:
Catalán
MARC
| LEADER | 00000nam a22000007a 4500 | ||
|---|---|---|---|
| 001 | 27626 | ||
| 003 | Arxiu | ||
| 005 | 20260324181158.0 | ||
| 008 | 230403b spa||||| |||| 00| 0 cat d | ||
| 017 | |a B 8974-2022 | ||
| 040 | |a agdb |b cat | ||
| 110 | 1 | |a Barcelona (Catalunya : Província). |b Diputació |9 52408 | |
| 245 | |a Informe de balanç de l'acció de govern : |b Abril 2022 | ||
| 246 | |a PAM | ||
| 260 | |a Barcelona : |b Diputació de Barcelona ; |c 2022 | ||
| 300 | |a 35 pàgines ; |c 30 cm | ||
| 610 | 1 | 0 | |9 52706 |a Barcelona (Catalunya : Província). |b Diputació |v Planificació |
| 710 | |a Barcelona (Catalunya : Província). |b Àrea de Presidència |9 52558 | ||
| 710 | 1 | |9 52746 |a Barcelona (Catalunya : Província). |b Diputació. |t Pla d'actuació de mandat 2020-2023 | |
| 942 | |2 udc |c ARXIU |n 1 | ||
| 952 | |0 0 |1 0 |2 udc |4 0 |6 FU7512 |7 1 |9 65914 |a Arxiu |b Arxiu |d 2023-04-03 |l 0 |o FU-75-12 |p 27626 |r 2023-04-03 00:00:00 |w 2023-04-03 |y ARXIU | ||
| 999 | |c 83291 |d 83291 | ||